banner-ar

كتاب الالفاظ : (Record no. 28759)

MARC details
000 -الفاتح
حقل البيانات ثابتة الطول 00769nam a2200205Ia 4500
005 - وقت وتاريخ اخر تعامل مع التسجيلة
رقم الضبط 20240530101926.0
008 - عناصر البيانات ثابتة الطول - معلومات عامة
حقل البيانات ثابتة الطول 140319s1991 xx 000 0 ara d
040 ## - مصدر الفهرسة
وكالة الفهرسة الأصلية GCL /
وكالة النسخ GCL
082 04 - رقم تصنيف ديوى العشرى
رقم التصنيف 411 /
رقم المادة ا ك
100 ## - المدخل الرئيسى - إسم شخصى
الإسم الشخصى ابن مرزبان الباحث
245 10 - بيان العنوان
العنوان كتاب الالفاظ :
بقية العنوان الكتابة والتعبير /
بيان المسئوليه,etc تاليف ابن مرزبان الباحث ؛ محقق حامد صادق قنيبيى
260 ## - PUBLICATION, DISTRIBUTION, ETC. (IMPRINT)
تاريخ النشر أو التوزيع 1991
300 ## - الوصف المادى
التعداد 219 ص؛
أبعاد الوعاء 24 سم
650 07 - المدخل الاضافى بالموضوع-مصطلح موضوعى
مصدر الرأس أو المصطلح الالفاظ
650 07 - المدخل الاضافى بالموضوع-مصطلح موضوعى
مصدر الرأس أو المصطلح اللغة العربية
650 07 - المدخل الاضافى بالموضوع-مصطلح موضوعى
مصدر الرأس أو المصطلح ابن مرزبان
700 ## - المدخل الاضافى - اسم شخصى
الإسم الشخصى حامد صادق قنيبيى
الدور محقق
942 ## - عناصر المدخل الإضافي( كوها)
مصدر التصنيف او مخطط الترفيف Dewey Decimal Classification
Koha [default] item type كتاب
260 ## - PUBLICATION, DISTRIBUTION, ETC. (IMPRINT)
-- عمان :
-- دار البشير للنشر والتوزيع ،
Holdings
حالة التراجع حالة الفقد حالة تلف ليس للاعارة المكان المؤقت الموقع الحالى تاريخ الاكتساب اجمالي اﻻعارات رقم الطلب الباركود تاريخ اخر مشاهدة تاريخ تفعيل السعر نوع وعاء كوها
        مكتبة القاهرة الكبرى مكتبة القاهرة الكبرى 03/26/2014   411\ا ك 65604 03/26/2014 03/26/2014 كتاب

Powered By

EGPV